Počítačové sítě : nepostradatelná příručka k pochopení síťové teorie, implementace a vnitřních funkcí /
Uložené v:
| Hlavný autor: | |
|---|---|
| Ďalší autori: | |
| Médium: | Kniha |
| Jazyk: | Czech English |
| Vydané: |
Praha :
SoftPress,
c2003
|
| Vydanie: | 1. vyd. |
| Témy: | |
| ISBN: |
8086497550 (viaz.) |
| Fyzický popis: |
752 s. : il., tab. ; 24 cm |
| Tagy: |
Pridať tag
Žiadne tagy, Buďte prvý kto otaguje tento záznam!
|
Titul je dostupný aj v ... 

MARC
| LEADER | 00000nam a2200000 a 4500 | ||
|---|---|---|---|
| 001 | 000000947 | ||
| 005 | 20040701114336.0 | ||
| 008 | 040329s2003 xr a e d 001 0 czeo | ||
| 020 | |a 8086497550 (viaz.) | ||
| 040 | |a SVKKK |b slo |c SVKKK |e AACR2 | ||
| 041 | 1 | |a cze |h eng | |
| 044 | |a xr |c CZ | ||
| 072 | 7 | |a 004.7 |x Počítačové siete |2 konspekt | |
| 080 | |a 004.7 |2 1997 | ||
| 080 | |a (035) |2 1997 | ||
| 100 | 1 | |a Shinder, Debra Littlejohn |4 aut | |
| 240 | 1 | 0 | |a Computer Networking essentials. |l Česky |
| 245 | 1 | 0 | |a Počítačové sítě : |b nepostradatelná příručka k pochopení síťové teorie, implementace a vnitřních funkcí / |c Debra Littlejohn Shinder ; [překlad: Filip Slánička] |
| 250 | |a 1. vyd. | ||
| 260 | |a Praha : |b SoftPress, |c c2003 | ||
| 300 | |a 752 s. : |b il., tab. ; |c 24 cm | ||
| 500 | |a Údaj o preklade prevzatý z rubu titulnej strany | ||
| 504 | |a Obsahuje slovník, register | ||
| 650 | 0 | 7 | |a počítačové siete |2 SVKKKPH |
| 655 | 7 | |a príručky |2 SVKKKPH | |
| 700 | 1 | |a Slánička, Filip |4 trl | |
| 765 | 0 | |a Shinder, Debra Littlejohn |t Computer Newtworking essentials | |
| 919 | |a 80-86497-55-0 | ||
| 998 | |a BK | ||
| 090 | |g SCKHL |k Sklad Pribinova prízemie |a IV.190022 |j 959416 |i 2720021480 |s Absenčne | ||
| 090 | |g SCKHL |k Sklad Pribinova prízemie |a IV.190407 |j 960405 |i 2720021778 |s Absenčne | ||